Political economy of hunger (Record no. 155696)

MARC details
000 -LEADER
fixed length control field 00704nam a2200253Ia 4500
003 - CONTROL NUMBER IDENTIFIER
control field OSt
005 - DATE AND TIME OF LATEST TRANSACTION
control field 20250818183954.0
008 - FIXED-LENGTH DATA ELEMENTS--GENERAL INFORMATION
fixed length control field 210423s2007 xx 000 0 und d
020 ## - INTERNATIONAL STANDARD BOOK NUMBER
International Standard Book Number 98754262591
040 ## - CATALOGING SOURCE
Transcribing agency AL
041 ## - LANGUAGE CODE
Language code of text/sound track or separate title English
082 ## - DEWEY DECIMAL CLASSIFICATION NUMBER
Classification number 321
Item number DREP
100 ## - MAIN ENTRY--PERSONAL NAME
Personal name Jean Dreze
9 (RLIN) 76940
245 ## - TITLE STATEMENT
Title Political economy of hunger
Remainder of title : selected essays
260 ## - PUBLICATION, DISTRIBUTION, ETC.
Place of publication, distribution, etc. New Delhi
Name of publisher, distributor, etc. Oxford University Press
Date of publication, distribution, etc. 2007
300 ## - PHYSICAL DESCRIPTION
Other physical details PB
365 ## - TRADE PRICE
Price amount 525
Currency code INR
650 ## - SUBJECT ADDED ENTRY--TOPICAL TERM
Topical term or geographic name entry element Political Science
9 (RLIN) 76942
650 ## - SUBJECT ADDED ENTRY--TOPICAL TERM
Topical term or geographic name entry element Systems of Governments
9 (RLIN) 76944
700 ## - ADDED ENTRY--PERSONAL NAME
Personal name Sen, Amartya
9 (RLIN) 236289
700 ## - ADDED ENTRY--PERSONAL NAME
Personal name Hussain, Athar
9 (RLIN) 236290
906 ## - LOCAL DATA ELEMENT F, LDF (RLIN)
a economy ; essays ; hunger: ; Political ; selected
942 ## - ADDED ENTRY ELEMENTS (KOHA)
Source of classification or shelving scheme Dewey Decimal Classification
Koha item type Book
Holdings
Withdrawn status Lost status Source of classification or shelving scheme Damaged status Not for loan Collection code Home library Current library Date acquired Source of acquisition Cost, normal purchase price Total Checkouts Full call number Barcode Date last seen Price effective from Koha item type
    Dewey Decimal Classification     Economics St Aloysius PG Library St Aloysius PG Library 07/25/2008 Higginbothams Pvt Ltd 525.00   321 DREP PG002168 08/24/2022 04/26/2021 Book